De mi vida y milagros (Record no. 110637)

MARC details
000 -LEADER
campo de control de longitud fija 00682nam a2200217 i 4500
001 - NÚMERO DE CONTROL
campo de control 110637
003 - IDENTIFICADOR DE NÚMERO DE CONTROL
campo de control ES-MaACL
005 - FECHA Y HORA DE LA ÚLTIMA TRANSACCIÓN
campo de control 20230906185119.0
007 - CAMPO FIJO DE DESCRIPCIÓN FÍSICA--INFORMACIÓN GENERAL
campo de control de longitud fija t|
008 - DATOS DE LONGITUD FIJA--INFORMACIÓN GENERAL
campo de control de longitud fija 070206s1923 sp ||||1| spa d
080 ## - NÚMERO DE LA CLASIFICACIÓN DECIMAL UNIVERSAL
Número de la Clasificación Decimal Universal 821.134.2-32"19"
100 1# - ENTRADA PRINCIPAL--NOMBRE DE PERSONA
Nombre de persona Ortiz de Pinedo, José.
9 (RLIN) 87603
245 10 - MENCIÓN DEL TÍTULO
Título De mi vida y milagros
Resto del título : novela inédita /
Mención de responsabilidad, etc. J. Ortiz de Pinedo ; (ilustraciones de Melendreras).
260 ## - PUBLICACIÓN, DISTRIBUCIÓN, ETC.
Lugar de publicación, distribución, etc. [Madrid :
Nombre del editor, distribuidor, etc. La Novela Corta,
Fecha de publicación, distribución, etc. 1923]
300 ## - DESCRIPCIÓN FÍSICA
Extensión [24] p. :
Otras características físicas il. ;
Dimensiones 20 cm.
490 1# - MENCIÓN DE SERIE
Mención de serie La novela corta ;
Designación de volumen o secuencia 415
700 1# - ENTRADA AGREGADA--NOMBRE PERSONAL
Nombre de persona Melendreras.
9 (RLIN) 79933
830 0# - PUNTO DE ACCESO ADICIONAL DE SERIE-TÍTULO UNIFORME
Título uniforme La novela corta ;
Designación de volumen o secuencia 415
9 (RLIN) 182142
852 ## - LOCALIZACIÓN
Ubicación ES-MaACL
Número de control de estantería 2213-F-51
Sublocalización o colección R.138659
Holdings
Estatus retirado Estado de pérdida Estado de daño No para préstamo Colección Biblioteca de origen Biblioteca actual Ubicación en estantería Fecha de adquisición Fuente de adquisición Total de préstamos Signatura topográfica completa Código de barras Visto por última vez Precio de reemplazo Tipo de ítem Koha
        Colección de folletos Biblioteca del Ateneo de Madrid Biblioteca del Ateneo de Madrid Depósito folletos 17/01/2008     2213-F-51 1115431 23/02/2023 23/02/2023 Folleto